Central Library OPAC University of Rajshahi

The United Kingdom : (Record no. 36174)

MARC details
000 -LEADER
fixed length control field 00717nam a22002412a 4500
001 - CONTROL NUMBER
control field 36174
003 - CONTROL NUMBER IDENTIFIER
rucl marc code BD-RjUL
005 - DATE AND TIME OF LATEST TRANSACTION
control field 20211209052439.0
008 - FIXED-LENGTH DATA ELEMENTS--GENERAL INFORMATION
fixed length control field 140617s1961 enk b 001 0 eng d
035 ## - SYSTEM CONTROL NUMBER
System control number (BD-RjUL)36271
040 ## - CATALOGING SOURCE
Original cataloging agency DLC
Transcribing agency DLC
Modifying agency BD-RjUL
-- BD-RjUL
Language of cataloging eng
041 ## - LANGUAGE CODE
Language code of text/sound track or separate title eng
082 ## - DEWEY DECIMAL CLASSIFICATION NUMBER
Classification number 320.42
Author mark and year DEU 1966
100 1# - MAIN ENTRY--PERSONAL NAME
Personal name Derry, T. K.
Fuller form of name (Thomas Kingston),
Dates associated with a name 1905-
9 (RLIN) 40876
245 04 - TITLE STATEMENT
Title The United Kingdom :
Remainder of title a survey of British institutions today /
260 ## - PUBLICATION, DISTRIBUTION, ETC. (IMPRINT)
Place of publication, distribution, etc. London :
Name of publisher, distributor, etc. Longmans,
Date of publication, distribution, etc. 1961[Reprinted 1966]
300 ## - PHYSICAL DESCRIPTION
Pagination 245 p. ;
Size 19 cm
504 ## - BIBLIOGRAPHY, ETC. NOTE
Bibliography, etc Includes bibliography
651 #0 - SUBJECT ADDED ENTRY--GEOGRAPHIC NAME
Geographic name Great Britain
General subdivision Politics and government
9 (RLIN) 110089
942 ## - ADDED ENTRY ELEMENTS (KOHA)
Source of classification or shelving scheme Dewey Decimal Classification
Koha item type Books
Holdings
Lost status Source of classification or shelving scheme Damaged status Not for loan Collection code Permanent Location Current Location Shelving location Date acquired Source of acquisition Cost, normal purchase price Total Checkouts Full call number Date last seen Copy number Koha item type
  Dewey Decimal Classification   Not For Loan Non-fiction Central Library, University of Rajshahi Central Library, University of Rajshahi Reading Room 17/09/1968 zeetlinger 15.00   320.42 DEU 1966 17/06/2014 C-1 Books
  Dewey Decimal Classification     Non-fiction Central Library, University of Rajshahi Central Library, University of Rajshahi   17/09/1968 zeetlinger 15.00   320.42 DEU 1966 17/06/2014 C-3 Books
  Dewey Decimal Classification     Non-fiction Central Library, University of Rajshahi Central Library, University of Rajshahi   17/09/1988 zeetlinger 15.00   320.42 DEU 1966 17/06/2014 C-4 Books
  Dewey Decimal Classification     Non-fiction Central Library, University of Rajshahi Central Library, University of Rajshahi   05/06/1989 zeetlinger 15.00   320.42 DEU 1966 17/06/2014 C-2 Books